[Event "10th KiiT Festival 2017"]
[Site "Bhubaneshwar"]
[Date "2017.05.31"]
[Round "8"]
[White "Das, Sayantan"]
[Black "Aradhya, Garg"]
[Result "1-0"]
[WhiteElo "2396"]
[BlackElo "2304"]
[Annotator "TA"]
[PlyCount "65"]
[EventDate "2017.05.26"]
[EventType "swiss"]
[EventCountry "IND"]
[SourceTitle "playchess.com"]
[Source "ChessBase"]
[SourceQuality "1"]

{[%evp 12,65,49,48,63,29,27,29,34,28,29,10,20,13,10,5,3,3,8,0,2,0,237,245,228,233,731,720,706,695,715,684,695,694,813,662,1332,1331,29984,2176,2213,2009,12827,11285,2252,1636,12845,12845,12845,12846,12846,12847,12847,12847,12848,12848]} 1. e4 e5 2. Nf3 Nc6 3. Bb5 a6 4. Ba4 Nf6 5. O-O b5 6. Bb3 Bc5 7. a4 Rb8 {[#] C78: Ruy Lopez: Archangelsk and Möller Defences} ({Much worse is} 7... Nxe4 $6 8. axb5 Ne7 9. Nxe5 $18) 8. Nxe5 $1 {[%mdl 512]} (8. c3 d6 9. d4 Bb6 10. axb5 axb5 11. Na3 O-O 12. Nxb5 Bg4 13. Bc2 exd4 14. Nbxd4 Nxd4 15. cxd4 Bxf3 16. gxf3 Nh5 17. Kh1 Qf6 18. Be3 c5 19. e5 Qe6 20. exd6 c4 21. b3 cxb3 22. Bxb3 Qxd6 {½-½ (74) Karjakin,S (2772)-Carlsen,M (2853) New York 2016}) 8... Nxe5 9. d4 {[#]} Bxd4 $1 {[%mdl 512] White has an edge.} 10. Qxd4 d6 11. f4 Nc6 12. Qc3 {And now e5 would win.} Ne7 13. Qe1 O-O 14. axb5 axb5 15. e5 $36 {[%mdl 2048] [#] White fights for an advantage.} dxe5 $146 ({Predecessor:} 15... Nfd5 16. f5 dxe5 17. Qxe5 {½-½ (55) Baklan,V (2619)-Sevian,S (2591) Monzon 2016}) 16. fxe5 Qd4+ $2 {[#]} (16... Nfd5 $11 {and Black is okay.}) 17. Be3 $1 $18 {[%cal Re3d4]} Qxe5 18. Ba7 Qxb2 $2 (18... Qd6) 19. Ra2 ({Stronger than} 19. Bxb8 Qxa1 20. Qxe7 Bd7 $11) 19... Qxa2 20. Bxa2 Ra8 21. Qxe7 Rxa7 22. Nc3 Bb7 23. Rd1 {Threatening mate with Qxf7+!} Bc6 24. Rd8 {[%csl Ge7][%cal Rd8f8]} Be8 25. g4 (25. Nd5 $142 Nd7 26. Qxd7 g5 27. Rxe8 Rxa2 28. Rxf8+ Kxf8 29. Qd8+ Kg7 30. Qf6+ Kg8 31. Ne7+ Kf8 32. Nf5 Ra1+ 33. Kf2 Rf1+ 34. Kxf1 h5 35. Qh8#) 25... h6 {White is clearly winning.} 26. h4 {[%cal Bh2h4,Bh4g5,Bg5f6][%mdl 32]} b4 27. g5 hxg5 28. hxg5 bxc3 29. gxf6 Rxa2 30. Rxe8 Ra1+ 31. Kf2 Rxe8 32. Qxe8+ Kh7 33. Qxf7 {Precision: White = 47%, Black = 37%.} 1-0

[Event "10th KiiT Festival 2017"]
[Site "Bhubaneshwar"]
[Date "2017.05.31"]
[Round "8"]
[White "Iniyan, P."]
[Black "Aditya Mittal"]
[Result "*"]
[WhiteElo "2392"]
[BlackElo "2211"]
[Annotator "TA"]
[PlyCount "44"]
[EventDate "2017.05.26"]
[EventType "swiss"]
[EventCountry "IND"]
[SourceTitle "playchess.com"]
[Source "ChessBase"]
[SourceQuality "1"]

{[%evp 19,44,39,40,24,53,43,44,45,86,66,68,18,35,20,131,123,138,136,137,128,150,135,139,129,198,195,190]} 1. e4 c5 2. Nf3 d6 3. d4 cxd4 4. Nxd4 Nf6 5. Nc3 a6 6. h3 e6 7. g4 b5 8. Bg2 Bb7 9. O-O {B81: Sicilian Scheveningen: Keres Attack} Qc7 (9... Nfd7 10. Re1 Be7 11. e5 d5 12. a4 b4 13. Nxd5 Bxd5 14. Bxd5 exd5 15. e6 O-O 16. exd7 Qxd7 {1-0 (44) Anand,V (2803)-Volokitin,A (2639) Berlin 2015}) 10. g5 Nfd7 {LiveBook: 4 Games} 11. f4 {White is slightly better.} b4 12. Nce2 $146 ({Predecessor:} 12. Nd5 exd5 13. exd5 g6 14. Re1+ Ne5 15. Nc6 Bxc6 16. dxc6 Bg7 17. fxe5 dxe5 {½-½ (28) Demianjuk,A (2365)-Sadubayev,A (1870) Pavlodar 2014}) 12... Nc5 13. Ng3 Nc6 14. Nxc6 Bxc6 15. b3 {[%cal Bb2b3,Bb3b4][%mdl 32]} d5 16. exd5 O-O-O (16... Rd8 $11 {remains equal.}) 17. a3 $1 $16 {[%cal Ra3b4]} (17. dxc6 $6 Rxd1 18. Rxd1 Bd6 $11) 17... Bxd5 18. Bxd5 Rxd5 {[#]} 19. Qe2 $1 bxa3 {[#]} 20. b4 $1 {[%cal Rb4c5]} ({But not} 20. Rxa3 $6 a5 $14) ({Don't do} 20. Bxa3 a5 $14) 20... Nb7 21. c4 Rxg5 (21... Rd4 $16) 22. fxg5 $18 Qxg3+ {Precision: White = 74%, Black = 37%.} *

[Event "10th KiiT Festival 2017"]
[Site "Bhubaneshwar"]
[Date "2017.05.31"]
[Round "8"]
[White "Krishna C R G"]
[Black "Deviatkin, Andrei"]
[Result "1-0"]
[WhiteElo "2392"]
[BlackElo "2481"]
[Annotator "TA"]
[PlyCount "93"]
[EventDate "2017.05.26"]
[EventType "swiss"]
[EventCountry "IND"]
[SourceTitle "playchess.com"]
[Source "ChessBase"]
[SourceQuality "1"]

{[%evp 16,93,47,24,40,24,47,42,35,21,31,27,27,19,28,21,34,32,30,40,48,37,45,19,21,26,30,14,19,9,13,0,0,0,5,8,5,0,0,0,0,0,0,0,0,0,127,0,0,0,0,0,34,23,44,0,207,222,222,222,202,214,360,357,410,421,481,411,424,428,477,473,443,431,423,410,523,507,5743,5717]} 1. d4 d5 2. c4 c6 3. Nf3 Nf6 4. e3 Bf5 5. Nc3 e6 6. Nh4 Bg6 7. Be2 {D12: Slav Defence: 3 Nf3 Nf6 4 e3 Bf5} Nbd7 8. O-O Bd6 9. g3 {LiveBook: 216 Games. White is slightly better.} a6 10. Bd2 O-O 11. Nxg6 hxg6 12. Qc2 $146 (12. c5 $5 {[%cal Rc5d6]} Bc7 13. f4 $14) ({Predecessor:} 12. b3 e5 13. dxe5 Nxe5 14. cxd5 cxd5 15. Bc1 {½-½ (15) Szabo,G (2548)-Berkes,F (2664) Zalakaros 2015}) 12... dxc4 13. Bxc4 c5 14. dxc5 Bxc5 15. Rfd1 Qe7 16. Rac1 Rac8 17. Be2 Bd6 18. Be1 Rfd8 19. Bf3 Ne5 20. Bg2 b5 21. Qb3 Nc4 (21... b4 $5 {[%cal Rb4c3]}) 22. Ne2 Be5 23. Bc3 (23. Rxd8+ {feels hotter.} Rxd8 24. Nc3 Nd5 25. a4 Nxc3 26. Bxc3 Qd6 27. axb5 axb5 28. Qxb5 Bxc3 29. Qxc4 Bxb2 30. Rb1) 23... Bxc3 24. Qxc3 Rxd1+ 25. Rxd1 Rd8 26. Rxd8+ Qxd8 27. Qc2 Qa5 {[#] ...Qe1+ is the strong threat.} 28. Nc3 b4 29. Na4 b3 30. axb3 ({Don't play} 30. Qxc4 bxa2 31. Qxa2 Qe1+ 32. Bf1 Ne4 $17) 30... Qe1+ 31. Bf1 Nd2 $1 {[%csl Gd2][%cal Re1f1] [#]} 32. Qc8+ Kh7 {[%csl Gd2][%cal Re1f1]} 33. Qxa6 Nfe4 ({Reject} 33... Nxb3 $6 34. Qe2 $16) (33... Ng4 $5 34. Qe2 $8 Qc1 $11) 34. Qe2 Qc1 35. Kg2 Qc6 $2 (35... Ng5 $11) 36. f3 $18 {[%cal Bf2f3,Bf3e4][%mdl 32]} Nxb3 37. Qc4 ({Not} 37. fxe4 Qxe4+ 38. Kf2 Qxa4 $14) 37... Qxc4 38. Bxc4 Nbd2 (38... Ned2 {is a better defense.}) 39. Bxe6 fxe6 40. fxe4 {[%mdl 4096] Endgame KN-KN} Kg8 41. Nc5 Kf7 42. b3 Kf6 43. Kf2 Ke5 44. Ke2 Nb1 45. Kd3 Kd6 46. Nb7+ Ke5 (46... Kc7 $142 47. Na5 Na3) 47. Na5 {Precision: White = 67%, Black = 51%.} 1-0

[Event "10th KiiT Festival 2017"]
[Site "Bhubaneshwar"]
[Date "2017.05.31"]
[Round "8"]
[White "Sardana, Rishi"]
[Black "Saurabh Anand"]
[Result "0-1"]
[WhiteElo "2390"]
[BlackElo "2266"]
[Annotator "TA"]
[PlyCount "74"]
[EventDate "2017.05.26"]
[EventType "swiss"]
[EventCountry "IND"]
[SourceTitle "playchess.com"]
[Source "ChessBase"]
[SourceQuality "1"]

{[%evp 28,74,38,45,28,-19,41,31,56,66,79,82,77,77,80,55,64,62,70,0,0,0,0,0,0,4,40,-10,114,111,124,-24,-14,-135,-138,-131,-135,-122,-123,-140,-142,-264,-144,-330,-352,-335,-342,-1925,-1214]} 1. e4 e5 2. Nf3 Nc6 3. Bb5 a6 4. Ba4 Nf6 5. O-O Be7 6. Re1 b5 7. Bb3 d6 8. c3 O-O 9. h3 Nb8 10. d4 Nbd7 11. Nbd2 Bb7 12. Bc2 Re8 13. Nf1 Bf8 14. Ng3 g6 15. Bg5 h6 {C95: Closed Ruy Lopez: Breyer Variation with 10 d4} 16. Be3 {[#]} d5 $146 (16... exd4 $11 17. cxd4 Nxe4) ({Predecessor:} 16... exd4 17. Qxd4 Nc5 18. e5 dxe5 19. Nxe5 Qxd4 20. Bxd4 Ne6 21. Be3 Nd5 22. Bd2 Ndf4 23. Be4 Bxe4 24. Nxe4 {½-½ (41) Panarin,M (2559)-Matlakov,M (2653) Loo 2013}) 17. Nxe5 $14 dxe4 {White is slightly better.} 18. Bf4 {[%cal Rg3e4]} g5 19. Nxd7 Nxd7 20. Bd2 Nf6 21. Qc1 Qd5 {...e3 is the strong threat.} 22. Bb3 Qc6 $1 23. Be3 ({Better is} 23. Re2 $1 $14) 23... Nd5 $11 24. Bd1 Bd6 $36 {[%mdl 2048] Black fights for an advantage.} 25. Nf5 Bf4 26. Bb3 {Black should prevent Bxd5.} Qf6 27. g4 (27. Bxd5 $5 Bxd5 28. Bxf4 Qxf5 29. Bxc7 $16) 27... Ne7 (27... Bd6 $1 $11 {keeps the balance.}) 28. Bxf4 $16 Nxf5 29. Be5 ({Stronger than} 29. Bxc7 e3 $15) ({White must play} 29. gxf5 $16 {Black must now prevent Be5.} gxf4 30. Qxf4) 29... Qc6 $1 $11 {And now ...Rxe5 would win.} 30. gxf5 {[#]} (30. Re3 $11 Nxe3 31. fxe3) 30... Rxe5 $1 $17 31. Qe3 (31. dxe5 {[#] is a self mate.} e3 $1 {[%mdl 512]} 32. Bxf7+ Kxf7 33. e6+ Kf6 34. Kf1 Qg2+ 35. Ke2 Qxf2+ 36. Kd1 Bf3+ 37. Re2 Qxe2#) 31... Rxf5 32. d5 Qf6 33. Qxe4 Rd8 {[%cal Rb7d5]} ({Resist} 33... Rxf2 34. Rf1 $17) 34. Bc2 (34. Qe2 $17 {was called for.}) 34... Rfxd5 (34... Rxf2 $19 35. Rf1 Rxf1+ 36. Rxf1 Qb6+ 37. Rf2 Bxd5 38. Qh7+ Kf8) 35. Qh7+ $2 (35. Qe7 $17 {might work better.} R5d6 36. Qxf6 Rxf6 37. Rad1 Rxd1 38. Rxd1) 35... Kf8 $19 36. Be4 Rd2 37. Bf5 $2 (37. Qf5 Qxf5 38. Bxf5) 37... Bc8 {Precision: White = 25%, Black = 54%.} 0-1

[Event "10th KiiT Festival 2017"]
[Site "Bhubaneshwar"]
[Date "2017.05.31"]
[Round "8"]
[White "Rathanvel, V S"]
[Black "Grover, Sahaj"]
[Result "0-1"]
[WhiteElo "2361"]
[BlackElo "2478"]
[Annotator "TA"]
[PlyCount "70"]
[EventDate "2017.05.26"]
[EventType "swiss"]
[EventCountry "IND"]
[SourceTitle "playchess.com"]
[Source "ChessBase"]
[SourceQuality "1"]

{[%evp 27,70,58,47,31,39,-12,-12,-26,-22,-41,-46,-97,-101,-81,-93,-110,-112,-132,-113,-438,-438,-444,-472,-470,-459,-690,-687,-680,-653,-691,-687,-681,-693,-662,-651,-1022,-1020,-1006,-987,-4073,-2512,-6253,-6116,-5634,-5255]} 1. e4 c5 2. Nf3 d6 3. d4 cxd4 4. Nxd4 Nf6 5. Nc3 Nc6 6. Bg5 e6 7. Qd2 a6 8. O-O-O Bd7 9. f3 Be7 10. Be3 b5 11. Kb1 O-O 12. g4 Nxd4 13. Bxd4 b4 {B67: Sicilian: Richter-Rauzer: 7...a6 8 0-0-0 Bd7, lines without 9 f4 Be7} 14. Ne2 e5 {LiveBook: 3 Games} 15. Be3 Be6 {White is slightly better.} 16. Ng3 (16. Qxb4 d5 $15) ({White should play} 16. g5 $14 Nd7 17. Ng3) (16. g5 Nh5 17. Ng3 Qa5 18. b3 Nf4 19. h4 g6 20. Bxf4 exf4 21. Ne2 {1-0 (31) Lupulescu,C (2609)-David,A (2377) Calimanesti Caciulata 2016}) 16... Qa5 $1 $11 {[%cal Ra5a2]} 17. b3 $1 Rfc8 18. Nf5 Bf8 $1 $40 {[%mdl 128] Black is up to no good.} ({Much worse is} 18... Bxf5 $6 19. gxf5 Rc3 20. Bc4 $16) 19. Bg5 {[#]} ({But not} 19. Nxd6 $2 Bxd6 20. Qxd6 Rd8 $19) (19. Bd3 $15) 19... Ne8 $146 ({Predecessor:} 19... Nd7 20. Nxd6 Bxd6 21. Qxd6 Nc5 22. Bd3 Nb7 23. Qe7 Rc7 {0-1 (23) Ardelean,G (2465)-Raceanu,V (2370) Bucharest 2004}) 20. a4 Rc3 21. Kb2 Rac8 22. Ne3 Nc7 {...Nb5! is the strong threat.} ({Resist} 22... h6 23. Bh4 $15) 23. Bh4 $2 {[%mdl 8192] [#]} (23. Nc4 $17 {was the crucial defense.} Bxc4 24. Bxc4) 23... Nb5 $1 $19 {[%mdl 512] Black is clearly winning.} 24. Bxb5 (24. axb5 Qa3+) 24... axb5 25. Ra1 Qb6 26. Bf2 (26. Rhe1 $142 Qd4 27. Qxd4 exd4 28. Nd5 Rxc2+ 29. Kb1 Rxh2 30. Bg3) 26... Qd4 27. Qxd4 exd4 {[%cal Be5d4,Bd4e3][%mdl 32]} 28. Rhc1 dxe3 29. Be1 {[#]} bxa4 $1 30. Rxa4 {[#]} Bxb3 $1 31. Rxb4 (31. cxb3 Rxc1) 31... Rxc2+ 32. Rxc2 Bxc2 33. Rd4 g6 34. Rd5 Bg7+ 35. Ka3 Rb8 {Precision: White = 33%, Black = 100%.} 0-1

[Event "10th KiiT Festival 2017"]
[Site "Bhubaneshwar"]
[Date "2017.05.31"]
[Round "8"]
[White "Navalgund, Niranjan"]
[Black "Amonatov, Farrukh"]
[Result "0-1"]
[WhiteElo "2351"]
[BlackElo "2632"]
[Annotator "TA"]
[PlyCount "82"]
[EventDate "2017.05.26"]
[EventType "swiss"]
[EventCountry "IND"]
[SourceTitle "playchess.com"]
[Source "ChessBase"]
[SourceQuality "1"]

{[%evp 11,82,20,25,-3,-2,0,0,0,0,0,0,-1,-6,-16,23,-8,-19,-22,-20,-20,-21,-25,-25,-25,-21,-25,-25,-25,-22,-35,-24,-27,-21,-33,-24,-25,-19,-40,-30,-44,-31,-35,-28,-35,-30,-270,-34,-269,-268,-266,-279,-369,-369,-369,-369,-361,-361,-369,-369,-572,-556,-651,-659,-645,-614,-668,-665,-1203,-1193,-1085,-991,-697,-697]} 1. e4 c5 2. c3 d5 3. exd5 Qxd5 4. d4 Nc6 5. Nf3 Bf5 6. Be3 cxd4 {LiveBook: 54 Games. B22: Sicilian: 2 c3} (6... Nf6 7. Qb3 cxd4 8. Nxd4 Nxd4 9. Bxd4 a6 10. Nd2 e6 11. Be2 O-O-O 12. Nc4 Bc5 13. O-O Be4 14. Rfd1 {1-0 (32) Jones,G (2676)-Pichot,A (2556) Sharjah 2017}) 7. cxd4 {Hoping for Nc3.} Bxb1 8. Rxb1 e6 {The position is equal.} 9. a3 Nf6 {[%cal Bg8f6,Bf6d5,Bd5b4][%mdl 32]} 10. Be2 Be7 11. O-O O-O 12. b4 Qd8 $146 ({Predecessor:} 12... Rac8 13. Rc1 {½-½ (34) Suasnabar,J (2023)-Fernandez,F (2361) Antofagasta 2015}) 13. Ne5 (13. b5 $5 {[%cal Rb5c6]} Nb8 14. Qb3 $11) 13... Nd5 14. Nxc6 bxc6 15. Rc1 a5 16. Rxc6 axb4 17. axb4 Nxb4 18. Rc1 Nd5 19. Rc4 Ra3 20. Qc1 Qd7 21. Bf3 Rd8 22. Re1 Ra6 23. Qc2 g6 24. Rc1 Kg7 25. Rd1 Rda8 26. Bc1 Ra2 27. Qd3 Qb5 28. g3 $2 {[#]} (28. Qf1 $11) 28... h5 $2 (28... R2a3 $1 $19 {[%mdl 512]} 29. Bxa3 Rxa3) 29. h4 $2 {[#]} (29. Qf1 $15) 29... R8a3 $1 {[%mdl 512]} 30. Bxa3 Rxa3 31. Qe2 {[#] aiming for Bxd5.} Rxf3 $1 {[%mdl 512]} 32. Qxf3 {Qd3 is the strong threat.} Qxc4 33. Qd3 Qa4 34. Qf3 Bf6 35. Qd3 {[#]} (35. Rd2 {was necessary.}) 35... Nc3 $1 $19 {[%mdl 512] Black is clearly winning.} 36. Rd2 {[#]} (36. Qxc3 Qxd1+) 36... Bxd4 $1 {[%mdl 512]} 37. Kg2 (37. Qxd4+ Qxd4) 37... e5 38. Kh2 Nd5 39. Qe4 Nf6 40. Qf3 Ng4+ 41. Kg2 Qa7 {Precision: White = 35%, Black = 76%.} 0-1

[Event "10th KiiT Festival 2017"]
[Site "Bhubaneshwar"]
[Date "2017.05.31"]
[Round "8"]
[White "Saravana, Krishnan P"]
[Black "Senthil Maran K"]
[Result "1-0"]
[WhiteElo "2345"]
[BlackElo "2111"]
[Annotator "TA"]
[PlyCount "101"]
[EventDate "2017.05.26"]
[EventType "swiss"]
[EventCountry "IND"]
[SourceTitle "playchess.com"]
[Source "ChessBase"]
[SourceQuality "1"]

{[%evp 18,101,32,33,33,18,50,56,45,52,46,50,42,49,49,54,51,51,116,31,74,65,72,59,71,34,126,106,133,16,40,0,0,0,0,0,0,0,4,0,0,0,0,0,0,0,0,0,0,0,0,0,0,0,117,4,291,291,291,0,273,0,0,0,0,0,71,71,70,70,200,200,204,204,202,266,211,200,520,505,5201,4914,1556,1149,29997,29998]} 1. e4 c6 2. Nf3 d5 3. Nc3 Nf6 4. e5 Ne4 5. Ne2 Qb6 6. d4 {B11: Caro-Kann: Two Knights Variation} e6 7. Nfg1 f6 8. f3 Ng5 9. exf6 gxf6 10. f4 {LiveBook: 47 Games} Ne4 11. Ng3 Bb4+ $146 ({Predecessor:} 11... Bd7 12. Nxe4 dxe4 13. c3 {0-1 (46) Vachier Lagrave,M (2819)-Anand,V (2770) Saint Louis 2016}) 12. c3 Nxc3 13. bxc3 Bxc3+ 14. Bd2 Qxd4 15. Rc1 Bxd2+ 16. Qxd2 Qxd2+ 17. Kxd2 e5 (17... Ke7 $14) 18. Be2 (18. Nf3 $1 $16) 18... Be6 19. Nf3 Nd7 20. Rhe1 Ke7 21. Rb1 b5 (21... Rab8 $14) 22. Rbc1 $16 Rac8 23. fxe5 (23. Nd4 $16) 23... fxe5 $11 24. Ng5 Rhg8 25. Nxe6 Kxe6 26. Rc3 Nb6 27. Rf1 e4 28. Rf4 Nc4+ 29. Bxc4 bxc4 30. Ra3 Rcf8 31. Rh4 Rf2+ 32. Ke3 Rxg2 33. Rxa7 Kd6 34. Nf5+ Kc5 {Strongly threatening ...Rf8.} 35. Rhxh7 {And now Rhb7 would win.} c3 (35... Rf8 $11 36. Nd4 Rf1 37. Ra5+ Kb6) 36. Rhb7 (36. Ra3 $16 Kc4 37. Nd6+ Kb4 38. Rb3+ Kc5 39. Nb7+ Kc4 40. Na5+ Kc5 41. Nb7+ (41. Rxc3+ Kb4 $18) 41... Kc4 42. Na5+ Kc5 43. Nb7+ (43. Rxc3+ Kb4 $16)) 36... R8g6 $2 {[%mdl 8192]} (36... Rd8 $1 $11 {and Black has nothing to worry.}) 37. Ra5+ Kc4 38. Ra4+ Kc5 39. a3 $2 (39. Ra3 $1 $18 {[%cal Ra3c3]} Kc4 40. Rbb3 Rxh2 41. Rxc3+ Kb5 42. Kd4 Rd2+ 43. Ke5) 39... Rb2 40. Rxb2 cxb2 {[%mdl 4096] Endgame KRN-KR} 41. Rb4 Rg2 (41... Rf6 $11 {keeps the balance.} 42. Kf4 e3 $1 {[%mdl 512]} 43. Rxb2 d4) 42. h3 Rh2 43. h4 Rh3+ {[#]} ({Better is} 43... Rc2 $14) 44. Kf4 $1 $18 Rf3+ 45. Ke5 Rxa3 ({Weaker is} 45... Rf2 46. Nd4 Rf5+ 47. Nxf5 b1=Q 48. Rxb1 Kc4 49. h5 d4 50. Kxe4) 46. Rxb2 Rh3 {If only Black now had time for ...Kc4....} 47. Rc2+ Kb6 $2 (47... Kb5 {is a better chance.} 48. Rc1 Rh2) 48. Kd6 Kb7 (48... d4 $142 49. Rb2+ Ka5) 49. Rb2+ Ka7 50. Nd4 {Kc7 would kill now.} Rxh4 51. Nxc6+ {Precision: White = 58%, Black = 37%.} 1-0

[Event "10th KiiT Festival 2017"]
[Site "Bhubaneshwar"]
[Date "2017.05.31"]
[Round "8"]
[White "Erigaisi Arjun"]
[Black "Babujian, Levon"]
[Result "0-1"]
[WhiteElo "2338"]
[BlackElo "2438"]
[Annotator "TA"]
[PlyCount "114"]
[EventDate "2017.05.26"]
[EventType "swiss"]
[EventCountry "IND"]
[SourceTitle "playchess.com"]
[Source "ChessBase"]
[SourceQuality "1"]

{[%evp 11,114,23,26,27,29,15,25,24,105,93,146,124,188,134,133,125,200,207,187,178,171,-10,-16,-19,-3,-83,-36,-138,-118,-215,-237,-281,-256,-260,-282,-278,-265,-404,-396,-1264,-341,-435,-422,-427,-420,-446,-447,-458,-443,-450,-452,-466,-465,-631,-631,-628,-623,-625,-621,-604,-551,-748,-734,-679,-539,-525,-501,-617,-583,-618,-575,-564,-560,-750,-747,-740,-738,-784,-783,-881,-872,-861,-806,-783,-769,-755,-748,-777,-777,-787,-783,-816,-702,-875,-865,-798,-792,-851,-766,-4133,-4133,-29992,-29989,-29993,-29994]} 1. e4 c5 2. Nf3 d6 3. d4 cxd4 4. Nxd4 Nf6 5. Nc3 a6 6. Bg5 Nbd7 7. Qe2 {B94: Sicilian Najdorf: 6 Bg5 Nbd7} (7. Bc4 Qb6 8. Bb3 e6 9. Qd2 Be7 10. O-O-O Nc5 11. Rhe1 h6 12. Bh4 O-O 13. g3 Qc7 14. f4 b5 15. e5 dxe5 16. fxe5 {0-1 (51) Dominguez Perez,L (2739)-Wojtaszek,R (2749) Doha 2016}) 7... Qa5 8. f4 h6 9. Bh4 {White has an edge.} e6 (9... e5 $11 {keeps the balance.} 10. Nb3 Qc7) 10. O-O-O $1 $16 Qh5 (10... Be7 $142) 11. Nf3 $146 ({Predecessor:} 11. Qe1 g5 12. fxg5 hxg5 13. Bg3 g4 14. Kb1 Ne5 15. Ndb5 axb5 16. Nxb5 {1-0 (41) Van der Wiel,J (2467)-Lahaye,R (2376) Brasschaat 2010}) 11... b5 (11... g5 $16) 12. h3 ({White should play} 12. e5 $18 b4 13. Na4 (13. exf6 bxc3 14. b4 Nxf6 $15)) 12... Qc5 13. e5 $1 {[%cal Re5f6]} b4 (13... dxe5 $16 {was worth a try.} 14. fxe5 (14. Nxe5 Be7 $16) 14... Nh7) 14. Na4 $18 Qa5 15. exf6 Qxa4 16. Qe4 $2 (16. f5 $1 $18 {[%cal Rf5e6]} Nxf6 17. Bxf6 gxf6 18. Qe4) 16... d5 $11 17. Rxd5 $1 Bb7 $36 {[%mdl 2048] Black fights for an advantage.} 18. Bc4 g5 (18... b3 {looks sharper.} 19. cxb3 Qxa2 20. Qb1 Qxb1+ 21. Kxb1 g5) 19. fxg5 (19. Qe2 $1 $15 gxh4 20. Bb3) 19... hxg5 $17 20. Nxg5 {[#]} (20. Bg3 $17 g4 21. Ne5) 20... O-O-O $1 $19 21. Nxf7 {Hoping for Bg3.} exd5 22. Bxd5 Bxd5 23. Qxd5 Rxh4 24. g3 (24. Qa8+ {was called for.} Nb8 25. Nxd8) 24... b3 ({Don't blunder} 24... Bh6+ $2 25. Kb1 $18) 25. axb3 $2 (25. cxb3 Qe4 26. Qxe4 Rxe4 27. Nxd8 Kxd8 28. Rf1) 25... Qe4 $2 (25... Qa1+ 26. Kd2 Bb4+ 27. c3 Qxb2+ 28. Kd1 {[#]} Re4 $1 {[%mdl 512]}) 26. Qxe4 Rxe4 27. Nxd8 Kxd8 28. c3 Nxf6 29. Rf1 Bh6+ 30. Kb1 Nd7 31. b4 Re3 32. Rf5 Rxg3 33. Rh5 Rg6 34. Ka2 Kc7 35. Kb3 Kb6 36. h4 Bf4 37. Rf5 Bc1 38. Rf1 Bh6 39. Rf5 Rg2 40. Rd5 Kc6 41. Ra5 Nb8 42. Rc5+ Kb6 43. Re5 Nc6 44. Re1 Rh2 45. Ka3 Rxh4 46. Re2 Rh1 47. Rf2 Be3 48. Rf3 Re1 49. Kb3 Re2 50. Rf1 Ne5 51. Rd1 Bd2 52. Kc2 Bf4+ 53. Kb3 Nf3 54. Ra1 Nd2+ 55. Ka4 Nc4 56. b3 Nb2+ 57. Ka3 Nd3 {Precision: White = 37%, Black = 69%.} 0-1

[Event "10th KiiT Festival 2017"]
[Site "Bhubaneshwar"]
[Date "2017.05.31"]
[Round "8"]
[White "Arjun Kalyan"]
[Black "Srijit Paul"]
[Result "1-0"]
[WhiteElo "2322"]
[BlackElo "2248"]
[Annotator "TA"]
[PlyCount "99"]
[EventDate "2017.05.26"]
[EventType "swiss"]
[EventCountry "IND"]
[SourceTitle "playchess.com"]
[Source "ChessBase"]
[SourceQuality "1"]

{[%evp 15,99,59,42,34,47,33,46,36,80,45,60,38,54,50,39,45,29,24,35,33,37,10,20,19,42,23,55,18,43,22,16,27,39,18,46,29,45,37,65,58,59,51,123,125,127,133,129,110,195,179,179,134,191,141,156,120,114,83,172,164,161,159,166,156,147,104,147,146,154,121,173,158,210,210,243,244,245,0,202,0,393,376,465,465,465,465]} 1. e4 Nf6 2. e5 Nd5 3. d4 d6 4. Nf3 dxe5 5. Nxe5 g6 6. Bc4 c6 7. O-O Bg7 8. Re1 O-O 9. h3 {B04: Alekhine's Defence: 4 Nf3} Be6 10. Bb3 Nc7 11. c3 {White is slightly better.} (11. c4 {looks sharper.} a5 12. Nc3 Nd7 13. Nf3 Nb6 14. c5) 11... Nd7 12. Nf3 Bxb3 $146 ({Predecessor:} 12... Bd5 13. Bg5 Ne6 14. Be3 b5 15. Bxd5 cxd5 16. Qb3 Nc7 17. Bf4 e6 18. Bxc7 Qxc7 19. Qxb5 {0-1 (39) Polgar,S (2430)-Kengis,E (2575) Vienna 1991}) 13. Qxb3 Nb6 14. Nbd2 Ne6 15. Ne4 Qd5 16. Nfg5 Nxg5 17. Bxg5 Rfe8 18. Re2 Qxb3 19. axb3 {Threatening Nc5.} Nd7 20. Rae1 {Threatens to win with Nd6!} Kf8 21. Bf4 {aiming for Nd6!} Red8 22. Bc7 (22. Ng5 $5 {[%cal Re2e7]} h6 23. Nxf7 Kxf7 24. Rxe7+ Kg8 25. Bc7 $14) 22... Rdc8 23. Bg3 Kg8 24. Ra1 $36 {[%mdl 2048] White fights for an advantage.} a6 25. b4 Bf8 26. Rd2 f5 27. Ng5 Bh6 28. Bf4 e5 (28... Bxg5 $14 29. Bxg5 Re8) 29. dxe5 $16 Bxg5 30. Bxg5 Nxe5 31. Re1 Nc4 (31... Nf7 $16) 32. Rd7 $18 Re8 33. Rxe8+ Rxe8 34. Rxb7 Nxb2 {[%mdl 4096] Endgame KRB-KRN} 35. Be3 Nc4 36. Bd4 Re1+ (36... Nd2 $16 {keeps fighting.}) 37. Kh2 Nd2 {[#]} 38. Kg3 $1 g5 39. f3 {Hoping for Rg7+.} h6 40. Kf2 Ra1 41. Rg7+ Kf8 42. Rg6 f4 (42... Nb3 $16 {was necessary.} 43. Rxh6 (43. Rxc6 Nxd4 44. cxd4 Kg7 $16) 43... Nxd4) 43. Rxh6 Ra2 (43... Nb3 $16 {was worth a try.} 44. Rxc6 Nxd4 45. cxd4 Ra2+ 46. Kf1 Kf7) 44. Rxc6 Nb3+ 45. Kg1 Ra1+ 46. Kf2 {And now Bf6 would win.} Ra2+ {[#]} 47. Kg1 $2 ({Only move:} 47. Kf1 $1 $18) 47... Rc2 $2 {[%mdl 8192]} (47... Ra1+ $1 $11 48. Kh2 Ke7 49. Bc5+ Ke8) 48. Rxa6 Rc1+ 49. Kh2 Ke8 50. h4 {Precision: White = 55%, Black = 45%.} 1-0